Loading...
| MB | 1 | 10 | 2 | 4 | 105 | 27 | 111.09 | 3 | 7 | 0.00 | 0.00 |
| BB | 0 | 9 | 2 | 1 | 80 | 69 | 91.44 | 2 | 5 | 0.00 | 0.00 |
| AG | 1 | 4 | 1 | 0 | 50 | 51 | 91.60 | 2 | 4 | 0.00 | 0.00 |
| RC | 2 | 2 | 2 | 1 | 40 | 24 | 73.50 | 2 | 3 | 0.00 | 0.00 |
| AW | 1 | 3 | 2 | 1 | 35 | 55 | 90.00 | 2 | 3 | 0.00 | 0.00 |
| TR | 1 | 2 | 0 | 0 | 35 | 57 | 74.67 | 2 | 3 | 0.00 | 0.00 |
| AK | 1 | 1 | 0 | 1 | 25 | 68 | 112.00 | 0 | 2 | 0.00 | 0.00 |
| RR | 2 | 1 | 3 | 1 | 25 | 18 | 73.00 | 1 | 3 | 0.00 | 0.00 |
| 1 | 0 | 0 | 0 | 15 | 7 | 7.00 | 1 | 1 | 0.00 | 0.00 | |
| AR | 0 | 2 | 1 | 0 | 15 | 80 | 86.50 | 1 | 1 | 0.00 | 0.00 |
| MV | 1 | 0 | 0 | 0 | 15 | 63 | 63.00 | 1 | 1 | 0.00 | 0.00 |
| RC> | 0 | 1 | 0 | 1 | 10 | 141 | 141.00 | 0 | 0 | 0.00 | 0.00 |
| KD | 0 | 1 | 0 | 1 | 10 | 137 | 137.00 | 0 | 1 | 0.00 | 0.00 |
| DM | 0 | 1 | 0 | 0 | 10 | 99 | 99.00 | 0 | 1 | 0.00 | 0.00 |
| AWD | 0 | 0 | 0 | 0 | 0 | 0.00 | 0 | 0 | 0.00 | 0.00 |